| 000 | 00769nam a22002177a 4500 | ||
|---|---|---|---|
| 999 |
_c7117 _d7117 |
||
| 003 | AR-CdUCM | ||
| 008 | 190319b ||||| |||| 00| 0 spa d | ||
| 040 |
_aMUNICIPALIDAD PROVINCIAL DEL CUSCO _cBIBLIOTECA MUNICIPAL DEL CUSCO |
||
| 082 |
_a513.07 / _bK62 |
||
| 100 |
_aKlinger, Fred _920056 |
||
| 245 |
_a¿El ágebra? : _b¡pero si es muy fácil! / |
||
| 260 |
_aBarcelona : _bMarcombo, _c1964. |
||
| 300 |
_a300 paginas ; _c22 cm. |
||
| 505 | _aContenido :Aritmética y álgebra -- Las ecuaciones no existen -- Productos -- Función lineal -- Progresiones ... | ||
| 650 |
_aEstudio y enseñanza _92610 |
||
| 650 |
_aProblemas, ejercicios _919962 |
||
| 650 |
_aÁlgebra _919778 |
||
| 700 |
_aIbañez, Luis (traductor) _920057 |
||
| 942 |
_2ddc _cLIBROS |
||
| 945 | _arum | ||